00465nam a2200157Ia 450000100060000000800410000602000070004704000130005408200240006710000220009124500890011326000610020230000110026354600070027465000260028142883140425s9999 xx 000 0 und d aNA cPK-LaUMT aRHC 891.4394bALI-N aAli Muhammad Khan aNaqsh haai rang rang (Urdu)bilmi wa adabi mazaameen kaa majmooahcAli Muhammad Khan aLahore,Pakistan:bAl-Faisal Publisher and Traders,c2008 a208 p. aUR aPakistani essays-Urdu